[Event "Ruhrgebiet Verbandsliga Gruppe 2 1819"]
[Site "Nordrheinwestfalen"]
[Date "2019.03.10"]
[Round "7.3"]
[White "Mallee, Ralph"]
[Black "Fuest, Torsten"]
[Result "1-0"]
[WhiteElo "2073"]
[BlackElo "1871"]
[PlyCount "71"]
[EventDate "2018.09.23"]
[EventType "team-tourn"]
[EventRounds "9"]
[EventCountry "GER"]
[SourceTitle "EXT 2022"]
[Source "ChessBase"]
[SourceDate "2021.10.06"]
[SourceVersion "1"]
[SourceVersionDate "2021.10.06"]
[SourceQuality "1"]
[WhiteTeam "Dortmund SV"]
[BlackTeam "Boenen SV"]
[WhiteTeamCountry "GER"]
[BlackTeamCountry "GER"]

1. e4 c5 2. c3 g6 3. d4 cxd4 4. cxd4 d5 5. e5 Nc6 6. Nc3 Bg7 7. Be2 Nh6 8. Nf3 Bg4 9. 0-0 Nf5 10. Ne1 Bxe2 11. Nxe2 Qb6 12. Nf3 0-0 13. g4 Nh6 14. h3 Kh8 15. Nc3 e6 16. Na4 Qc7 17. Be3 Ng8 18. Nc5 b6 19. Nd3 f6 20. Rc1 Qd7 21. exf6 Nxf6 22. Nfe5 Nxe5 23. Nxe5 Qb5 24. Qc2 Rae8 25. b3 Qa6 26. a4 Rc8 27. Qd3 Qxd3 28. Nxd3 Ne4 29. Kg2 Rc3 30. Rxc3 Nxc3 31. Nf4 Re8 32. Rc1 e5 33. Rxc3 exf4 34. Bxf4 Bxd4 35. Rd3 Be5 36. Re3 1-0

[Event "Ruhrgebiet Regionalliga 1718"]
[Site "Germany"]
[Date "2018.01.21"]
[Round "5.1"]
[White "Mallee, Ralph"]
[Black "Nissen, Claus"]
[Result "1/2-1/2"]
[WhiteElo "2087"]
[BlackElo "2117"]
[PlyCount "53"]
[EventDate "2017.10.01"]
[EventType "team-tourn"]
[EventRounds "9"]
[EventCountry "GER"]
[SourceTitle "EXT 2022"]
[Source "ChessBase"]
[SourceDate "2021.10.06"]
[SourceVersion "1"]
[SourceVersionDate "2021.10.06"]
[SourceQuality "1"]
[WhiteTeam "Dortmund SV"]
[BlackTeam "Oberhausen SV II"]
[WhiteTeamCountry "GER"]
[BlackTeamCountry "GER"]

1. e4 e6 2. d4 d5 3. Nd2 Nf6 4. e5 Nfd7 5. c3 c5 6. Bd3 Nc6 7. Ne2 cxd4 8. cxd4 f6 9. exf6 Nxf6 10. Nf3 Bd6 11. 0-0 0-0 12. Nc3 a6 13. Re1 Qc7 14. h3 Kh8 15. Be3 e5 16. dxe5 Nxe5 17. Rc1 Nc6 18. Bb1 Be6 19. a3 Bg8 20. Ne2 Ne4 21. Ned4 Rf6 22. b4 Bf4 23. Nxc6 Bxe3 24. Rxe3 Rxc6 25. Rxc6 Qxc6 26. Nd4 Qg6 27. Nf3 1/2-1/2

[Event "Ruhrgebiet Verbandsliga Gruppe 1 1516"]
[Site "Germany"]
[Date "2015.12.20"]
[Round "5.3"]
[White "Andersen, Knut"]
[Black "Mallee, Ralph"]
[Result "1/2-1/2"]
[WhiteElo "1970"]
[BlackElo "2118"]
[PlyCount "89"]
[EventDate "2015.09.06"]
[EventType "team-tourn"]
[EventRounds "9"]
[EventCountry "GER"]
[SourceTitle "EXT 2022"]
[Source "ChessBase"]
[SourceDate "2021.10.06"]
[SourceVersion "1"]
[SourceVersionDate "2021.10.06"]
[SourceQuality "1"]
[WhiteTeam "Buer SF"]
[BlackTeam "Dortmund SV"]
[WhiteTeamCountry "GER"]
[BlackTeamCountry "GER"]

1. c4 Nf6 2. g3 c6 3. Bg2 d5 4. Nf3 g6 5. b3 Bg7 6. Bb2 0-0 7. 0-0 Bf5 8. d3 Nbd7 9. Nbd2 Re8 10. Nd4 Nf8 11. Nxf5 gxf5 12. Nf3 Ng6 13. Qd2 Qd7 14. cxd5 cxd5 15. Rfc1 Rac8 16. Rxc8 Rxc8 17. Rc1 e6 18. e3 Rc7 19. Nd4 Qc8 20. Rxc7 Qxc7 21. Nb5 Qb6 22. a4 a6 23. Bd4 Qc6 24. Na3 Qd6 25. Qc1 Ne7 26. Nc2 Nc6 27. Bc3 Nd7 28. Bxg7 Kxg7 29. Qb2+ f6 30. d4 Nb4 31. Qc3 Nxc2 32. Qxc2 Kf7 33. Bf1 Ke7 34. Be2 Qb4 35. Kg2 Kd8 36. h4 h6 37. Bd1 Qe1 38. Bh5 Qb4 39. Bf7 Nf8 40. Kf3 Qe7 41. Bh5 Qb4 42. Ke2 Kd7 43. Kd3 a5 44. Qc3 Qxc3+ 45. Kxc3 1/2-1/2

[Event "Ruhrgebiet Verbandsklasse Gruppe 2 1415"]
[Site "Germany"]
[Date "2015.03.01"]
[Round "7.2"]
[White "Wernitz, Albert Peter"]
[Black "Mallee, Ralph"]
[Result "0-1"]
[WhiteElo "1986"]
[BlackElo "2120"]
[PlyCount "104"]
[EventDate "2014.09.21"]
[EventType "team-tourn"]
[EventRounds "9"]
[EventCountry "GER"]
[SourceTitle "EXT 2022"]
[Source "ChessBase"]
[SourceDate "2021.10.06"]
[SourceVersion "1"]
[SourceVersionDate "2021.10.06"]
[SourceQuality "1"]
[WhiteTeam "Recklinghausen Altstadt"]
[BlackTeam "Dortmund SV"]
[WhiteTeamCountry "GER"]
[BlackTeamCountry "GER"]

1. Nf3 d5 2. g3 g6 3. Bg2 Bg7 4. d4 Nf6 5. c4 c6 6. Nc3 0-0 7. 0-0 Ne4 8. cxd5 cxd5 9. Qb3 Nc6 10. e3 Na5 11. Qd1 Nxc3 12. bxc3 b6 13. Nd2 Ba6 14. Re1 Rc8 15. Bb2 Qd7 16. Rc1 Rc7 17. Bf1 Bxf1 18. Rxf1 Rfc8 19. Rb1 h5 20. Ba1 e6 21. Re1 Nc4 22. Nxc4 Rxc4 23. Qb3 Qc6 24. Re2 Bf8 25. Kg2 Ra4 26. Qb5 Ra5 27. Qxc6 Rxc6 28. Kf1 Rc4 29. Rd2 Ba3 30. Ke2 Rca4 31. Kd3 Bd6 32. Rbb2 e5 33. Rdc2 e4+ 34. Ke2 g5 35. h3 f5 36. Rd2 Kf7 37. Rdc2 Ke6 38. Rd2 f4 39. gxf4 gxf4 40. exf4 Kf5 41. Rdc2 Kxf4 42. Rd2 Be7 43. Rdc2 Bg5 44. Rd2 Ra3 45. Rdc2 b5 46. Rd2 a6 47. Rdc2 R5a4 48. Kf1 Bd8 49. Rb4 Rxa2 50. Rxa4 Rxc2 51. Rxa6 Kf3 52. Ke1 Bg5 0-1

[Event "Ruhrgebiet Verbandsklasse Gruppe 2 1415"]
[Site "Germany"]
[Date "2015.02.08"]
[Round "6"]
[White "Mallee, Ralph"]
[Black "Arndt, Olaf"]
[Result "1/2-1/2"]
[WhiteElo "2120"]
[BlackElo "1888"]
[PlyCount "35"]
[EventDate "2014.09.21"]
[EventType "team-tourn"]
[EventRounds "9"]
[EventCountry "GER"]
[SourceTitle "EXT 2022"]
[Source "ChessBase"]
[SourceDate "2021.10.06"]
[SourceVersion "1"]
[SourceVersionDate "2021.10.06"]
[SourceQuality "1"]
[WhiteTeam "Dortmund SV"]
[BlackTeam "Horst Emscher II"]
[WhiteTeamCountry "GER"]
[BlackTeamCountry "GER"]

1. e4 d5 2. exd5 Nf6 3. d4 Nxd5 4. c4 Nb6 5. Nc3 e5 6. Be3 exd4 7. Qxd4 Qxd4 8. Bxd4 Nc6 9. Be3 Bb4 10. Bd2 Ne5 11. a3 Bd6 12. b3 Bf5 13. Nb5 0-0 14. Nxd6 cxd6 15. 0-0-0 d5 16. c5 Rac8 17. Be3 Nbd7 18. b4 1/2-1/2

[Event "Ruhrgebiet Verbandsliga1 1213"]
[Site "Nordrheinwestfalen"]
[Date "2012.10.14"]
[Round "3.2"]
[White "Schulenburg, Pit"]
[Black "Mallee, Ralph"]
[Result "1/2-1/2"]
[WhiteElo "2129"]
[BlackElo "2104"]
[PlyCount "61"]
[EventDate "2012.09.02"]
[EventType "team-tourn"]
[EventRounds "9"]
[EventCountry "GER"]
[SourceTitle "EXT 2020"]
[Source "ChessBase"]
[SourceDate "2019.10.17"]
[SourceVersion "1"]
[SourceVersionDate "2019.10.17"]
[SourceQuality "1"]
[WhiteTeam "Dortmund FS 98"]
[BlackTeam "Dortmund SV"]
[WhiteTeamCountry "GER"]
[BlackTeamCountry "GER"]

1. g3 d5 2. Bg2 g6 3. f4 Bg7 4. Nf3 c5 5. 0-0 Nc6 6. d3 Nf6 7. Qe1 0-0 8. c3 b6 9. a4 Bb7 10. Na3 Na5 11. Qd1 e6 12. Bd2 Nd7 13. Rb1 c4 14. b4 cxb3 15. c4 Qe7 16. Rxb3 Nxb3 17. Qxb3 Rfc8 18. Bb4 Nc5 19. Qc2 Qd7 20. Nb5 a6 21. Nc3 d4 22. Ne4 Bxe4 23. dxe4 Qxa4 24. Qb1 d3 25. exd3 Nxd3 26. Bd6 Qxc4 27. e5 Rc6 28. h4 Rd8 29. Rd1 Rcxd6 30. exd6 Rxd6 31. Kh2 1/2-1/2

[Event "Ruhrgebiet Verbandsliga1 1213"]
[Site "Nordrheinwestfalen"]
[Date "2012.09.30"]
[Round "2.2"]
[White "Mallee, Ralph"]
[Black "Kuerschners, Stefan"]
[Result "1/2-1/2"]
[WhiteElo "2104"]
[BlackElo "1969"]
[PlyCount "37"]
[EventDate "2012.09.02"]
[EventType "team-tourn"]
[EventRounds "9"]
[EventCountry "GER"]
[SourceTitle "EXT 2020"]
[Source "ChessBase"]
[SourceDate "2019.10.17"]
[SourceVersion "1"]
[SourceVersionDate "2019.10.17"]
[SourceQuality "1"]
[WhiteTeam "Dortmund SV"]
[BlackTeam "Oberhausen SV III"]
[WhiteTeamCountry "GER"]
[BlackTeamCountry "GER"]

1. e4 c5 2. Nf3 e6 3. d4 cxd4 4. Nxd4 Nf6 5. Nc3 d6 6. Be3 Be7 7. Be2 0-0 8. 0-0 Nc6 9. f4 Bd7 10. Bf3 Nxd4 11. Bxd4 Bc6 12. Qe1 e5 13. fxe5 dxe5 14. Bxe5 Qb6+ 15. Kh1 Nd7 16. Nd5 Bxd5 17. exd5 Nxe5 18. Qxe5 Bd6 19. Qf5 1/2-1/2

[Event "Ruhrgebiet Verbandsliga1 1011"]
[Site "Nordrheinwestfalen"]
[Date "2011.02.27"]
[Round "7.1"]
[White "Mallee, Ralph"]
[Black "Thiel, Thomas"]
[Result "1/2-1/2"]
[WhiteElo "2135"]
[BlackElo "2293"]
[PlyCount "104"]
[EventDate "2011.09.12"]
[EventType "team-tourn"]
[EventRounds "9"]
[EventCountry "GER"]
[SourceTitle "EXT 2020"]
[Source "ChessBase"]
[SourceDate "2019.10.17"]
[SourceVersion "1"]
[SourceVersionDate "2019.10.17"]
[SourceQuality "1"]
[WhiteTeam "Dortmund SV"]
[BlackTeam "Wattenscheid SV"]
[WhiteTeamCountry "GER"]
[BlackTeamCountry "GER"]

1. e4 c5 2. c3 Nf6 3. e5 Nd5 4. d4 cxd4 5. Nf3 e6 6. cxd4 d6 7. a3 Bd7 8. Bd3 Bc6 9. 0-0 Nd7 10. Bg5 Qb8 11. Re1 dxe5 12. dxe5 h6 13. Bd2 a6 14. Nc3 Qa7 15. b4 N7b6 16. Be4 Rd8 17. Qe2 Be7 18. Nd4 Nxc3 19. Bxc6+ bxc6 20. Bxc3 Qb7 21. Nb3 Nd5 22. Bd2 Rc8 23. Rac1 0-0 24. Rc4 Qb5 25. Nd4 Qa4 26. Qg4 Kh7 27. Rec1 Qxa3 28. Nxc6 Qd3 29. Rd4 Qa3 30. Qe4+ Kh8 31. Rdc4 Bg5 32. f4 Be7 33. f5 Bg5 34. Bxg5 hxg5 35. h4 Qe3+ 36. Kh1 Qxe4 37. Rxe4 exf5 38. Rd4 Nf4 39. hxg5 Ng6 40. Rdc4 Rfe8 41. Rc5 f4 42. Ra1 Re6 43. Rxa6 Nxe5 44. Rxe5 Rexc6 45. Rxc6 Rxc6 46. Rf5 Rc4 47. Rxf7 Rxb4 48. g6 Kg8 49. Ra7 Kf8 50. Kg1 Rb6 51. Rf7+ Kg8 52. Rxf4 Rxg6 1/2-1/2

[Event "Ruhrgebiet Verbandsliga1 1011"]
[Site "Nordrheinwestfalen"]
[Date "2010.10.24"]
[Round "2.1"]
[White "Rosen, Willy"]
[Black "Mallee, Ralph"]
[Result "1-0"]
[WhiteElo "2200"]
[BlackElo "2135"]
[PlyCount "57"]
[EventDate "2011.09.12"]
[EventType "team-tourn"]
[EventRounds "9"]
[EventCountry "GER"]
[SourceTitle "EXT 2020"]
[Source "ChessBase"]
[SourceDate "2019.10.17"]
[SourceVersion "1"]
[SourceVersionDate "2019.10.17"]
[SourceQuality "1"]
[WhiteTeam "Katernberg SF III"]
[BlackTeam "Dortmund SV"]
[WhiteTeamCountry "GER"]
[BlackTeamCountry "GER"]

1. e4 e5 2. Nf3 Nc6 3. Bb5 f5 4. d3 fxe4 5. dxe4 Nf6 6. 0-0 d6 7. Qd3 Bg4 8. c4 Be7 9. Nc3 0-0 10. Bxc6 bxc6 11. c5 Nh5 12. Qc4+ Kh8 13. Ne1 Bg5 14. f3 Bxc1 15. Rxc1 Qg5 16. Rd1 Rf6 17. Rf2 Bd7 18. cxd6 cxd6 19. Qa6 Qe3 20. Qb7 Rd8 21. Nc2 Qb6 22. Qxb6 axb6 23. Rfd2 Bc8 24. a4 d5 25. exd5 Rfd6 26. Ne3 cxd5 27. Rxd5 Rxd5 28. Rxd5 Rxd5 29. Nexd5 1-0

[Event "Ruhrgebiet VL1 0910"]
[Site "Germany"]
[Date "2010.03.21"]
[Round "8.1"]
[White "Torres Kuckel, Rafael"]
[Black "Mallee, Ralph"]
[Result "0-1"]
[WhiteElo "2250"]
[BlackElo "2162"]
[PlyCount "64"]
[EventDate "2009.09.06"]
[EventType "team-tourn"]
[EventRounds "9"]
[EventCountry "GER"]
[SourceTitle "EXT 2011"]
[Source "ChessBase"]
[SourceDate "2010.11.26"]
[SourceVersion "1"]
[SourceVersionDate "2010.11.26"]
[SourceQuality "1"]
[WhiteTeam "Ahlen"]
[BlackTeam "Dortmund"]
[WhiteTeamCountry "GER"]
[BlackTeamCountry "GER"]

1. e4 e5 2. d4 exd4 3. Qxd4 Nc6 4. Qe3 Bb4+ 5. Nc3 Qf6 6. Bd2 d6 7. f4 Be6 8. 0-0-0 Bc5 9. Qg3 Qg6 10. Qxg6 hxg6 11. Nd5 Bxd5 12. exd5 Nce7 13. Bb5+ Kd8 14. c4 Nf5 15. Ne2 Nf6 16. Rde1 Ng4 17. b4 Bb6 18. c5 dxc5 19. Ng3 Nd6 20. bxc5 Bxc5 21. Be2 Nf2 22. Rhg1 Nfe4 23. Nxe4 Nxe4 24. Ba5 Bxg1 25. Rxg1 Rxh2 26. Bf3 Nd6 27. Kb1 b6 28. Bb4 Ke7 29. Rc1 Kd7 30. Bg4+ f5 31. Bh3 Re8 32. Be1 Rh1 0-1

[Event "Ruhrgebiet VL1 0910"]
[Site "Germany"]
[Date "2010.02.07"]
[Round "6.1"]
[White "Partenheimer, Axel"]
[Black "Mallee, Ralph"]
[Result "1/2-1/2"]
[WhiteElo "2173"]
[BlackElo "2162"]
[PlyCount "40"]
[EventDate "2009.09.06"]
[EventType "team-tourn"]
[EventRounds "9"]
[EventCountry "GER"]
[SourceTitle "EXT 2011"]
[Source "ChessBase"]
[SourceDate "2010.11.26"]
[SourceVersion "1"]
[SourceVersionDate "2010.11.26"]
[SourceQuality "1"]
[WhiteTeam "Buer"]
[BlackTeam "Dortmund"]
[WhiteTeamCountry "GER"]
[BlackTeamCountry "GER"]

1. Nf3 d5 2. c4 c6 3. e3 g6 4. Nc3 Nf6 5. d4 Bg7 6. Be2 0-0 7. 0-0 Bg4 8. cxd5 Nxd5 9. h3 Bf5 10. Qb3 Nb6 11. Rd1 Be6 12. Qc2 Bc4 13. Bxc4 Nxc4 14. Ne4 Nb6 15. Nc5 Qc8 16. Bd2 N8d7 17. Nd3 Nf6 18. Nde5 Qf5 19. Rac1 Qxc2 20. Rxc2 Ne4 1/2-1/2

[Event "Ruhrgebiet VL2 0708"]
[Site "Germany"]
[Date "2008.03.09"]
[Round "7.1"]
[White "Kemna, Guido"]
[Black "Mallee, Ralph"]
[Result "1-0"]
[WhiteElo "2233"]
[BlackElo "2149"]
[PlyCount "87"]
[EventDate "2007.09.02"]
[EventType "team"]
[EventRounds "9"]
[EventCountry "GER"]
[SourceTitle "EXT 2009"]
[Source "ChessBase"]
[SourceDate "2008.11.26"]
[SourceVersion "1"]
[SourceVersionDate "2008.11.26"]
[SourceQuality "1"]
[WhiteTeam "Welper SV"]
[BlackTeam "Dortmund SV"]
[WhiteTeamCountry "GER"]
[BlackTeamCountry "GER"]

1. e4 e5 2. Nf3 Nc6 3. d4 exd4 4. Nxd4 Qf6 5. Be3 Bc5 6. c3 Nge7 7. g3 d6 8. Bg2 Bb6 9. 0-0 0-0 10. Nb5 Ba5 11. Nd2 a6 12. Nd4 Bb6 13. Nxc6 bxc6 14. Bxb6 cxb6 15. Nc4 Be6 16. Nxb6 Rab8 17. Na4 Bc4 18. Re1 Bb5 19. Rb1 Qe6 20. a3 Rfd8 21. b4 c5 22. Nb2 cxb4 23. cxb4 Qa2 24. Re3 d5 25. exd5 Nxd5 26. Bxd5 Rxd5 27. Qe1 h6 28. Rd1 Rbd8 29. Rxd5 Qxd5 30. Qc3 Qf5 31. Re5 Qh3 32. Qe1 Bc6 33. Qf1 Qg4 34. Re3 Bb5 35. Qc1 Qh3 36. a4 Rc8 37. Qd1 Bc6 38. f3 Qf5 39. Qd3 Qf6 40. Qxa6 Ra8 41. Qe2 Bxa4 42. Nxa4 Rxa4 43. Re8+ Kh7 44. Qc2+ 1-0

[Event "Ruhrgebiet VK3 0405"]
[Site "Ruhrgebiet"]
[Date "2005.01.30"]
[Round "6.2"]
[White "Hassenrueck, Helmut"]
[Black "Mallee, Ralph"]
[Result "1-0"]
[WhiteElo "2150"]
[BlackElo "2048"]
[PlyCount "81"]
[EventDate "2004.09.12"]
[EventType "team"]
[EventRounds "9"]
[EventCountry "GER"]
[SourceTitle "EXT 2006"]
[Source "ChessBase"]
[SourceDate "2005.11.24"]
[SourceVersion "1"]
[SourceVersionDate "2005.11.24"]
[SourceQuality "1"]
[WhiteTeam "Bottrop"]
[BlackTeam "Dortmund 1875"]
[WhiteTeamCountry "GER"]
[BlackTeamCountry "GER"]

1. d4 Nf6 2. Nf3 g6 3. c4 Bg7 4. Nc3 d5 5. cxd5 Nxd5 6. e4 Nxc3 7. bxc3 c5 8. Rb1 0-0 9. Be2 Nc6 10. d5 Ne5 11. Nxe5 Bxe5 12. Qd2 e6 13. 0-0 exd5 14. exd5 Qa5 15. Rb3 Bd7 16. f4 Bg7 17. Ra3 Qd8 18. c4 a6 19. Bb2 Bxb2 20. Qxb2 b5 21. f5 Qh4 22. g3 Qd4+ 23. Qxd4 cxd4 24. fxg6 fxg6 25. Rxf8+ Rxf8 26. Rxa6 bxc4 27. Bxc4 Rc8 28. Bb3 d3 29. d6+ Kf8 30. Ra7 Rd8 31. Kf2 d2 32. Ke3 Bg4 33. Rf7+ Ke8 34. d7+ Rxd7 35. Rxd7 Kxd7 36. Kxd2 Kd6 37. Ke3 Ke5 38. a4 Bd7 39. a5 Bb5 40. Bd1 Ba6 41. Be2 1-0

[Event "Ruhrgebiet VK3 0405"]
[Site "Ruhrgebiet"]
[Date "2004.11.07"]
[Round "3.2"]
[White "Mallee, Ralph"]
[Black "Watzlawek, Markus"]
[Result "1-0"]
[WhiteElo "2048"]
[BlackElo "1921"]
[PlyCount "63"]
[EventDate "2004.09.12"]
[EventType "team"]
[EventRounds "9"]
[EventCountry "GER"]
[SourceTitle "EXT 2006"]
[Source "ChessBase"]
[SourceDate "2005.11.24"]
[SourceVersion "1"]
[SourceVersionDate "2005.11.24"]
[SourceQuality "1"]
[WhiteTeam "Dortmund 1875"]
[BlackTeam "Dortmund Hansa III"]
[WhiteTeamCountry "GER"]
[BlackTeamCountry "GER"]

1. e4 c5 2. Nf3 d6 3. d4 cxd4 4. Nxd4 Nf6 5. Nc3 a6 6. Bc4 e6 7. Bb3 Qc7 8. 0-0 Be7 9. Be3 0-0 10. f4 b5 11. f5 b4 12. Na4 e5 13. Ne2 Nbd7 14. Ng3 Bb7 15. Qf3 Bc6 16. Rfe1 Qa5 17. a3 bxa3 18. Nc3 Qb4 19. Rxa3 Nc5 20. Bf2 a5 21. Bd5 Bxd5 22. Nxd5 Nxd5 23. exd5 Bh4 24. Qh5 f6 25. Rb3 Nxb3 26. Re4 Qd2 27. Qxh4 Nc5 28. Rg4 Qd1+ 29. Nf1 Qxd5 30. Be3 Rf7 31. Qh5 Qd1 32. Rxg7+ 1-0